| 000 | 00735nam a2200229 i 4500 | ||
|---|---|---|---|
| 001 | 115286 | ||
| 003 | ES-MaACL | ||
| 005 | 20250707062628.0 | ||
| 007 | t| | ||
| 008 | 070228s1910 sp ||||1| spa d | ||
| 080 | _a821.133.1-32"18" | ||
| 100 | 1 |
_aFrance, Anatole, _d1844-1924 _9240108 |
|
| 245 | 1 | 0 |
_aKomm el atríbata / _cpor Anatole France ; ilustraciones de Santana Bonilla. |
| 260 |
_aMadrid : _bEl Cuento Semanal, _c1910. |
||
| 300 |
_a21 p. : _bil. col. y n. ; _c26 cm. |
||
| 490 | 1 |
_aEl cuento semanal ; _v181 |
|
| 500 | _aCatorce páginas deterioradas. | ||
| 700 | 1 |
_aSantana Bonilla _c, ilustrador. _9103328 |
|
| 830 | 0 | 3 |
_aEl cuento semanal _v181 _9185957 |
| 852 |
_aES-MaACL _jG-4445(24) |
||
| 999 |
_c115286 _d115286 |
||